00529nam a2200169Ia 4500008004100000020001800041041000800059082001700067100001800084245003200102250000600134260002700140300001300167650003400180999001900214952012600233210716s2014 xx 000 0 und d a9788126551835 aeng a332.632 BESJ aBessis, Joel. aRisk management in banking. a3 aNew DelhibWILEYc2014 axvii,821 aRisk Management & Derivatives c208854d208854 001040708MBAaAIMITbAIMITd2015-01-13g999.00l0o332.632 BESJpMBA11420r2026-05-23 00:00:00v749.25w2021-07-16yBK